[Event "Nachod op 8th"]
[Site "Nachod"]
[Date "2002.??.??"]
[Round "9"]
[White "Drobny, Zbynek"]
[Black "Korinek, Pavel"]
[Result "1/2-1/2"]
[WhiteElo "1975"]
[BlackElo "1810"]
[PlyCount "56"]
[EventDate "2002.??.??"]
[EventType "swiss"]
[EventRounds "9"]
[EventCountry "CZE"]
[SourceTitle "EXT 2007"]
[Source "ChessBase"]
[SourceDate "2006.11.23"]
[SourceVersion "1"]
[SourceVersionDate "2006.11.23"]
[SourceQuality "1"]

1. e4 e6 2. d4 d5 3. Nd2 c5 4. c3 Nc6 5. Ngf3 cxd4 6. Nxd4 Nxd4 7. cxd4 dxe4 8. Nxe4 Be7 9. Be3 Qa5+ 10. Nc3 Nf6 11. Bb5+ Bd7 12. Bxd7+ Nxd7 13. 0-0 Nb6 14. Qf3 0-0 15. Qe4 Nd5 16. Nxd5 Qxd5 17. Qxd5 exd5 18. Rac1 Rac8 19. f3 Bd6 20. h3 f5 21. Rxc8 Rxc8 22. Rc1 Rxc1+ 23. Bxc1 Kf7 24. Kf2 Kg6 25. g4 h5 26. Bd2 Bc7 27. b3 a6 28. Be3 Bd6 1/2-1/2